look at me im sandra dee grease - Statistics

General Stats
  • This quiz has been taken 180 times
  • The average score is 25 of 37
Answer Stats
lyrics Answer % Correct
I'm Sandra ___ dee
100%
____ at me look
100%
won't go to ___ till I'm legally ___ bed
93%
I was not ______ up that way brought
91%
wed
90%
would ___ pull that ____ with _______ you
86%
as for ___ Tory Donahue you
86%
I ____ I'm Sandra Dee cant
85%
keep your filthy ____ of my _____ drawers paws
85%
silky
84%
one
82%
from
81%
keep that _____ far ____ me pelvis
81%
I get ___ from ___ cigarette ill
79%
I don't _____ or _____ drink
78%
_____ with virginity lousy
78%
I know what you _____ do wanna
78%
_____, Elvis let me be elvis
73%
won't ____ across come
69%
hair
69%
watch it ___ I'm Doris Day hey
69%
crap
66%
I'm just _____ Sandra Dee plain
65%
swear
61%
annette
60%
drool
59%
now you're _______ to ____ starting
56%
I won't ___ my ____ rat
54%
cool
53%
heart
52%
even ____ Hudson lost his _____ to Doris Day rock
52%
just ____ your ____ keep
49%
lust
46%
I'm no ______ of ____ object
45%
you ___ your ____ got
41%
crust
29%
hey _____ I'm Sandra Dee fungu
10%
No matching quizzes found
Score Distribution
Percent of People with Each Score
Percentile by Number Answered
Your Score History
You have not taken this quiz